MDQL
is popping MORE tags! Check the
thread
!
Quizzes
Events
Quiz Creation
Community
Videos
Private Events
Remove Ads
Sign In
Join for FREE
Feedback
Dark Mode
Quiz Categories
Sports
Geography
Music
Movies
Television
Just For Fun
Miscellaneous
History
Literature
Language
Science
Gaming
Entertainment
Religion
Holiday
For Kids
Quiz Lab
Recent
Popular Today
Quiz Kudos Today
Editor Picks
Curator Picks
Quizzes by...
Day
Popularity
Type
Ratings
Length
Year
Community
Subscriptions
Recent Discussions
Orange Saloon
Badges
Playlists
Quests
Create
Leaderboards
Showdown
Live 5
Trivia Bingo
Activity
Puzzle Library
Sporcle Events
Private Events
Virtual Trivia
Globe League
Become a Host
Pub Owners
SporcleCon
Opinionation
Our Games
Videos
Blog
Mobile Apps
Partnerships
Remove Ads and Go Orange
Feedback
Sports
Athletes
MLB
NBA
NHL
NFL
Soccer
Sports Teams
WWE
NCAA
Football
Premier League
Basketball
Baseball
Hockey
Golf
Tennis
Cricket
Rugby
Auto Racing
Olympics
World Cup
Sports
Athletes
MLB
NBA
NHL
NFL
Soccer
Sports Teams
WWE
NCAA
Football
Premier League
Basketball
Baseball
Hockey
Golf
Tennis
Cricket
Rugby
Auto Racing
Olympics
World Cup
Random Quiz
Search Sporcle
×
Quiz Lab
Quiz Lab
Sports
WWE
Type in answers that appear in a list
Type in answers that appear in a list
Classic
Best Score? Go Orange.
WWE Trivia - 2012 Edition Stats
Can you name the answers to these WWE-related questions?
By
paranoidpixie95
15m
50 Questions
145 Plays
145 Plays
145 Plays
Comments
Comments
Give Quiz Kudos
Give Quiz Kudos
-
- Ratings
hide this ad
More Info
Forced Order
Answers have to be entered in order
Answers have to be entered in order
Replay
Link that replays current quiz
Next Quiz
Link to next quiz in quiz playlist
You Got
0%
They Got
Avg Score
52%
Avg Friend Score
Upgrade to see
Score Distribution
Jump to the score distribution portion of the page
Score
0/50
Timer
15:00
0
Plays Today
Question
Answer
% Correct
Who won the 2012 Royal Rumble?
Sheamus
89%
Which much-
heralded Diva made her only WWE appearance in the Royal Rumble match?
Kharma
79.3%
Which wrestler is associated with the slogan 'Feed me more!'
Ryback
78.6%
Who won the 'Once in a Lifetime' match at WrestleMania?
The Rock
75.9%
Which of the two Bella Twins held the title for six days before departing from the WWE?
Nikki Bella
73.1%
Sheamus defeated Daniel Bryan at WrestleMania to become the new World Heavyweight Champion. How long did it take him to do so?
18 seconds
71.7%
Which wrestler returned to the WWE on January 2, 2012?
Chris Jericho
71%
John Cena defeated Kane in what kind of match up at Elimination Chamber?
Ambulance match
71%
Which Diva became the General Manager of Raw on the 1000th episode?
AJ Lee
70.3%
Which 11-
time World Champion headlined the WWE Hall of Fame Class of 2012?
Edge
68.3%
Who returned to the WWE the night after WrestleMania XXVIII?
Brock Lesnar
67.6%
CM Punk's first WWE Championship title defense of 2012 was against whom?
Dolph Ziggler
67.6%
Who almost defeated Daniel Bryan for the World Heavyweight Championship at Elimination Chamber?
Santino Marella
66.9%
Who failed to cash in the Raw Money in the Bank contract?
John Cena
66.2%
Which long-
time WWE commentator suffered a heart attack on the September 10 episode of Raw?
Jerry Lawler
66.2%
At which Pay Per View event was Brock Lesnar victorious?
SummerSlam
63.4%
True or False: CM Punk has not lost at a Pay Per View event in 2012?
True
62.1%
Which former General Manager became an assistant to Booker T along with Eve Torres?
Theodore Long
61.4%
Which tag team starred in a series of anger management sketches on Raw?
Team Hell No
60.7%
Who graces the front cover of WWE '13?
CM Punk
60.7%
Name one of the three wrestlers in The Shield.
Seth Rollins, Dean Ambrose and Roman Reigns
60.7%
Who won the WWE Slammy Award for Superstar of the Year?
John Cena
60%
Which returning wrestler defeated Cody Rhodes for the Intercontinental Championship at Over the Limit?
Christian
59.3%
Which Diva was attacked before her Divas Championship match at Night of Champions?
Kaitlyn
55.9%
Which referee struck Ryback with a low blow, costing him the WWE Championship at Hell in a Cell?
Brad Maddox
55.2%
Question
Answer
% Correct
Name either of the two tag teams who challenged Primo and Epico for the WWE Tag Team Championship at WrestleMania XXVIII.
International Airstrike and The Usos
55.2%
Who was the last entrant in the 2012 Royal Rumble?
Big Show
53.1%
Which wrestler 'accidentally' ran over Santa Claus on the Christmas edition of Raw?
Alberto Del Rio
51%
Which wrestler earned his second Intercontinental Championship on the December 31 edition of Raw, marking the final title change of 2012?
Wade Barrett
50.3%
Who was the first legend to defeat Heath Slater in the lead up to Raw 1000?
Vader
48.3%
Chris Jericho was suspended for defacing the flag of which nation?
Brazil
47.6%
Who used the slogan 'People Power' during his tenure as the General Manager of both Raw and Smackdown?
John Laurinaitis
46.9%
The purpose of Kane tormenting Zack Ryder was to make John Cena...?
Embrace the hate
46.9%
Who won the NXT Gold Rush Tournament to become the inaugural NXT Champion?
Seth Rollins
45.5%
Who is the anger management therapist of Team Hell No?
Dr. Shelby
44.8%
Who became the 25th Triple Crown Champion on Raw 1000?
The Miz
43.4%
Despite defeating AJ in a match immediately beforehand, Beth Phoenix was fired by whom?
Vickie Guerrero
37.9%
Which celebrity made an in-
ring appearance at WrestleMania XXVIII?
Maria Menounos
35.9%
NXT wrestler Big E Langston asks referees to do what during his matches?
Count pins to 5 instead of the usual 3
35.2%
Who won the very first televised match of 2012?
Daniel Bryan
34.5%
Conor O'Brian and the recently terminated Kenneth Cameron made up which NXT tag team?
The Ascension
31.7%
The WWE partnered with which breast cancer organisation throughout October, first revealed at Night of Champions?
Susan G. Komen for the Cure
29%
Who was fired after making a controversial remark on-
air?
AW
29%
Who is the Interim General Manager of NXT?
Dusty Rhodes
26.2%
Who won the very first match shown on WWE Main Event?
CM Punk
25.5%
What is the name of the Youtube show hosted by Dolph Ziggler?
WWE Download
25.5%
On what day was WWE '13 released in North America?
October 30, 2012
22.8%
Excluding the collection of legends on Raw 1000, who was the last legend to defeat Heath Slater?
Road Warrior Animal
22.8%
Who returned to the WWE on the May 7 episode of Raw?
Paul Heyman
21.4%
Which female independent mainstay signed with WWE in July as a trainer?
Sara Del Rey
20%
Quiz Playlist
Details
Report
Send in Message
Add To Playlist
More Info:
This quiz has 50 questions related to WWE programming in 2012, including Raw, Smackdown, NXT, Main Event and Pay-per-views. Good luck!
Classic:
Type in answers that appear in a list
Forced Order:
Answers have to be entered in order
Last Updated: Feb 16, 2017
Quiz Scoreboard
CHALLENGE
Sign Up to Join the Scoreboard
Show All
Scores
Hide
Comments
May contain spoilers
Recently Published
Colored Red Africa Blitz
by spor1
Geography
30s
Find the 'City' Movie
by crazypaving
Movies
60s
5x2 Blitz: Bands
by SL_Kpop136
Music
30s
More to Explore
Quiz From the Vault
Featured Blog Post
14 Easter Pick-up Lines to Find Eggs With
hide this ad
You Might Also Like...
Tags
WWE Quiz
2012
Wrestling
Today's Top Quizzes in Sports
Browse Sports
hide this ad
Today's Top Quizzes in WWE
Browse WWE
Top Contributed Quizzes in Sports
1
Players with Multiple 50 Home Run Seasons
2
Les entraîneurs de l'OM et du PSG au 21e siècle
3
Criteria MLB: Left Handed Sluggers
4
2022 World Cup Stars
5
Les meilleurs buteurs des matchs entre le PSG et l’OM
6
Who Hit More Homers?
7
Les joueurs passés par le PSG et l'OM
8
NBA Logic Puzzle 2.0
9
Top 10 NHL Goal Scorers of All Time
10
MLB Players with Two .350 Batting Average Seasons
Explore More
Trending Topics
Anime
Marvel
Harry Potter
Kpop
NBA
Disney
Crossword
NFL
Soccer
Puzzle
The Office
Pokémon
Country
Song
WWE
hide this ad
More By:
paranoidpixie95
Quiz
Plays
Rating
Category
Featured
Created
WWE Trivia - 2012 Edition
145
5.00
Sports
Jan 1, 2013
Go to Creator's Profile
Score Distribution
Quiz Creator Spotlight
paranoidpixie95
Follow
Send a Message
Quizzes Created
-
Created Quiz Play Count
-
More By This Creator
Popular Quizzes Today
1
Colored Red Africa Blitz
2
Find the 'City' Movie
3
Find the US States - No Outlines Minefield
4
5x2 Blitz: Bands
5
The Countries of the World
6
Find the US States
7
US States
8
9x9 Crossword: Cartoon Network
More Sports Quizzes
Presidential All-Stars: Left Field
Quiz Lab
Trending Quizzes
Colored Red Europe Blitz I
Colored Red Europe Blitz II
Colored Red Africa Blitz II
Colored Red Africa Blitz III
Colored Red Europe Blitz III
Recently Updated
Grab Bag: 4-10 Letters
pecheneg
2024 March Madness Bracket
pecheneg
Famous TV Couples
Peacemaker
Champions League XIs: Real Madrid
pecheneg
Largest US Cities 1790-2010
pecheneg
Rides in Walt Disney World
pecheneg
Most Oscar Losses (Acting)
pecheneg
Beyoncé Albums
pecheneg
Leaping Animals
pecheneg
Reality TV Shows (A-Z)
bhenderson79
Trending Topics
Kpop
Disney
Crossword
Marvel
NBA
Harry Potter
Anime
Puzzle
Country
Soccer
NFL
Pokémon
The Office
WWE
Song
Your Account Isn't Verified!
In order to create a playlist on Sporcle, you need to verify the email address you used during registration. Go to your
Sporcle Settings
to finish the process.
Report this User
Report this user for behavior that violates our
Community Guidelines
.
Details:
Send Report
Go to the Sporcle.com Mobile Site →
Comments